[Event "Titled Tuesday intern op 24th Sep Early"]
[Site "Chess.com INT"]
[Date "2024.09.24"]
[Round "1"]
[White "Popov, Konstantin"]
[Black "Gubanov, Oleg"]
[Result "1-0"]
[WhiteElo "2376"]
[BlackElo "2275"]
[PlyCount "47"]
[EventDate "2024.09.24"]
[EventType "swiss (blitz)"]
[EventRounds "11"]
[EventCountry "USA"]
[SourceTitle "EXT 2025"]
[Source "ChessBase"]
[SourceDate "2024.10.14"]
[SourceVersion "1"]
[SourceVersionDate "2024.10.14"]
[SourceQuality "1"]

1. e4 Nf6 2. e5 Nd5 3. d4 d6 4. Bc4 Nb6 5. Bb3 dxe5 6. Qh5 e6 7. dxe5 a5 8. a4 Nc6 9. Nf3 Nd4 10. Nc3 Nxb3 11. cxb3 Bd7 12. 0-0 Bc6 13. Rd1 Nd5 14. Nd4 Nxc3 15. bxc3 Qd5 16. Nxc6 Qxc6 17. c4 Bc5 18. Qg4 g6 19. Bh6 Qb6 20. Qf3 Be7 21. Bg7 Rg8 22. Bf6 Qb4 23. Rd3 c6 24. Rad1 1-0

[Event "Titled Tuesday intern op 27th Aug Early"]
[Site "Chess.com INT"]
[Date "2024.08.27"]
[Round "6"]
[White "Gubanov, Oleg"]
[Black "Namitbir, Singh Walia"]
[Result "1-0"]
[WhiteElo "2275"]
[BlackElo "2367"]
[PlyCount "81"]
[EventDate "2024.08.27"]
[EventType "swiss (blitz)"]
[EventRounds "11"]
[EventCountry "USA"]
[SourceTitle "EXT 2025"]
[Source "ChessBase"]
[SourceDate "2024.10.14"]
[SourceVersion "1"]
[SourceVersionDate "2024.10.14"]
[SourceQuality "1"]

1. d4 d5 2. c4 c6 3. cxd5 cxd5 4. Nc3 Nc6 5. Bf4 Nf6 6. e3 a6 7. Bd3 e6 8. h3 Bd6 9. Bg5 h6 10. Bh4 g5 11. Bg3 Bxg3 12. fxg3 Qa5 13. Nge2 Ne4 14. Bxe4 dxe4 15. Qd2 f5 16. g4 Bd7 17. 0-0 h5 18. d5 exd5 19. gxf5 Nb4 20. Nxd5 Qxd5 21. Qxb4 0-0-0 22. Rad1 Qb5 23. Qxb5 Bxb5 24. Rxd8+ Rxd8 25. Rc1+ Kb8 26. Nd4 Bd3 27. g4 hxg4 28. hxg4 a5 29. Kg2 a4 30. a3 Rd6 31. Rd1 Rb6 32. Rd2 Kc7 33. Ne6+ Kd6 34. Nxg5 Ke5 35. Kg3 Kf6 36. Kf4 Rc6 37. Nxe4+ Bxe4 38. Kxe4 Rc4+ 39. Rd4 Rc2 40. Rb4 Rg2 41. Kf3 1-0

[Event "Titled Tuesday intern op 06th Aug Early"]
[Site "Chess.com INT"]
[Date "2024.08.06"]
[Round "6"]
[White "Bach, Matthias"]
[Black "Gubanov, Oleg"]
[Result "1-0"]
[WhiteElo "2205"]
[BlackElo "2275"]
[PlyCount "45"]
[EventDate "2024.08.06"]
[EventType "swiss (blitz)"]
[EventRounds "11"]
[EventCountry "USA"]
[SourceTitle "EXT 2025"]
[Source "ChessBase"]
[SourceDate "2024.10.14"]
[SourceVersion "1"]
[SourceVersionDate "2024.10.14"]
[SourceQuality "1"]

1. d4 b5 2. e4 Bb7 3. Nd2 Nf6 4. Bd3 c5 5. dxc5 Na6 6. Ngf3 Nxc5 7. e5 Nxd3+ 8. cxd3 Nd5 9. 0-0 e6 10. Ne4 Rc8 11. Nfg5 g6 12. Qf3 f5 13. exf6 h6 14. f7+ Ke7 15. Bd2 Bg7 16. Qg3 Qc7 17. Nh3 Qxg3 18. fxg3 Rc2 19. Nf4 Nxf4 20. Bxf4 Bxe4 21. dxe4 Bxb2 22. Rad1 e5 23. Be3 1-0

[Event "Titled Tuesday intern op 06th Aug Early"]
[Site "Chess.com INT"]
[Date "2024.08.06"]
[Round "2"]
[White "Gubanov, Oleg"]
[Black "Hobson, Kenneth"]
[Result "1/2-1/2"]
[WhiteElo "2275"]
[BlackElo "2266"]
[PlyCount "113"]
[EventDate "2024.08.06"]
[EventType "swiss (blitz)"]
[EventRounds "11"]
[EventCountry "USA"]
[SourceTitle "EXT 2025"]
[Source "ChessBase"]
[SourceDate "2024.10.14"]
[SourceVersion "1"]
[SourceVersionDate "2024.10.14"]
[SourceQuality "1"]

1. e4 Nc6 2. Nf3 d6 3. d4 Nf6 4. Nc3 g6 5. Bg5 Bg7 6. Qd2 h6 7. Bf4 e5 8. dxe5 dxe5 9. Qxd8+ Kxd8 10. Nxe5 Nxe5 11. Bxe5 Re8 12. 0-0-0+ Bd7 13. Bd4 c6 14. f3 h5 15. Bc4 Kc7 16. Bxf7 Re7 17. Bxg6 Rg8 18. Bc5 Bh6+ 19. Kb1 Reg7 20. Bf5 Bxf5 21. exf5 Rxg2 22. Ne4 Nd5 23. c4 Ne3 24. Bxe3 Bxe3 25. f6 Re2 26. Rde1 Rxe1+ 27. Rxe1 Bf4 28. Kc2 Bxh2 29. Rh1 Rg2+ 30. Kd3 Kd7 31. c5 Ke6 32. b4 Rxa2 33. Nd2 Be5 34. Rxh5 Bxf6 35. Ne4 Be5 36. Rh6+ Kd5 37. Nc3+ Bxc3 38. Kxc3 Ra3+ 39. Kb2 Rxf3 40. Rh7 b6 41. Rxa7 bxc5 42. bxc5 Kxc5 43. Kc2 Kd5 44. Rd7+ Kc4 45. Rh7 c5 46. Rh4+ Kb5 47. Rg4 c4 48. Rg8 Rf2+ 49. Kc3 Rf3+ 50. Kc2 Kc5 51. Rc8+ Kd4 52. Rd8+ Ke3 53. Kc3 Rf4 54. Re8+ Kf3 55. Rc8 Ke2 56. Rxc4 Rxc4+ 57. Kxc4 1/2-1/2

[Event "Titled Tuesday intern op 06th Aug Early"]
[Site "Chess.com INT"]
[Date "2024.08.06"]
[Round "3"]
[White "Gubanov, Oleg"]
[Black "Ivashentseva, Dominika"]
[Result "1-0"]
[WhiteElo "2275"]
[BlackElo "1958"]
[PlyCount "69"]
[EventDate "2024.08.06"]
[EventType "swiss (blitz)"]
[EventRounds "11"]
[EventCountry "USA"]
[SourceTitle "EXT 2025"]
[Source "ChessBase"]
[SourceDate "2024.10.14"]
[SourceVersion "1"]
[SourceVersionDate "2024.10.14"]
[SourceQuality "1"]

1. d4 d5 2. Nf3 Nf6 3. e3 e6 4. b3 c5 5. Bb2 Nc6 6. Nbd2 Be7 7. Ne5 0-0 8. f4 cxd4 9. exd4 Nd7 10. a3 f6 11. Nxc6 bxc6 12. Bd3 Bd6 13. 0-0 f5 14. Re1 Nf6 15. g3 Ne4 16. Nf3 c5 17. Qe2 Bb7 18. c4 Qb6 19. b4 dxc4 20. Bxc4 cxb4 21. Bxe6+ Kh8 22. Kg2 bxa3 23. Bc1 Bb4 24. d5 Bxe1 25. Qxe1 Rfd8 26. Bxf5 Qf6 27. Bxe4 Qxa1 28. Ng5 Bxd5 29. Bxd5 Rxd5 30. Qe4 Qa2+ 31. Kh3 g6 32. Bxa3 Rad8 33. Be7 Re8 34. Bf6+ Kg8 35. Qxe8# 1-0

[Event "Dublin Irish New Year IM"]
[Site "Dublin"]
[Date "2023.01.05"]
[Round "2"]
[White "Gubanov, Oleg"]
[Black "Onslow, Alfie"]
[Result "1-0"]
[WhiteElo "2270"]
[BlackElo "2122"]
[PlyCount "57"]
[EventDate "2023.01.04"]
[EventType "tourn"]
[EventRounds "9"]
[EventCountry "IRL"]
[SourceTitle "CBM 212 Extra"]
[Source "ChessBase"]
[SourceDate "2023.03.31"]
[SourceVersion "1"]
[SourceVersionDate "2023.03.31"]
[SourceQuality "1"]

1. d4 Nf6 2. c4 e6 3. Nc3 Bb4 4. Nf3 d5 5. Bg5 dxc4 6. e4 c5 7. Bxc4 cxd4 8. Nxd4 Qa5 9. Bxf6 Bxc3+ 10. bxc3 Qxc3+ 11. Kf1 gxf6 12. Rc1 Qa5 13. Qg4 Qg5 14. Qxg5 fxg5 15. Bxe6 Nc6 16. Bxc8 Rxc8 17. Nf5 Kd7 18. Ke2 Rhd8 19. h4 g4 20. Ke3 Ke6 21. Rhd1 Ne5 22. Rxc8 Rxd1 23. Re8+ Kf6 24. Kf4 Ng6+ 25. Kxg4 Rd2 26. Kh5 Nf4+ 27. Kh6 Nxg2 28. Ng3 Rxf2 29. e5# 1-0

[Event "Titled Tuesday intern op 20th Sep Early"]
[Site "Chess.com INT"]
[Date "2022.09.20"]
[Round "1"]
[White "Krsnik Cohar, Ivan Vihor"]
[Black "Gubanov, Oleg"]
[Result "1/2-1/2"]
[WhiteElo "2296"]
[BlackElo "2258"]
[PlyCount "81"]
[EventDate "2022.09.20"]
[EventType "swiss (blitz)"]
[EventRounds "11"]
[EventCountry "USA"]
[SourceTitle "EXT 2023"]
[Source "ChessBase"]
[SourceDate "2022.10.05"]
[SourceVersion "1"]
[SourceVersionDate "2022.10.05"]
[SourceQuality "1"]

1. e4 Nf6 2. Nc3 d5 3. exd5 Nxd5 4. Nf3 Nc6 5. Bb5 Nxc3 6. bxc3 Qd5 7. c4 Qe4+ 8. Qe2 Qxe2+ 9. Kxe2 Bd7 10. d4 a6 11. Bxc6 Bxc6 12. d5 Bd7 13. Ne5 Bf5 14. Rb1 b6 15. Bf4 f6 16. Nd3 0-0-0 17. a4 e5 18. Be3 a5 19. c5 Bxd3+ 20. Kxd3 Bxc5 21. c4 Bxe3 22. fxe3 Rd6 23. Rhc1 c6 24. e4 cxd5 25. cxd5+ Kb7 26. Rc3 Rc8 27. Rcb3 Rc5 28. g4 g6 29. Rf1 Ka6 30. h4 b5 31. axb5+ Rxb5 32. Rc3 a4 33. g5 f5 34. Rc4 fxe4+ 35. Kxe4 Ka5 36. Ra1 Rbxd5 37. Raxa4+ Kb5 38. Rab4+ Ka5 39. Ra4+ Kb5 40. Rab4+ Ka5 41. Ra4+ 1/2-1/2

[Event "Titled Tuesday intern op 13th Sep Early"]
[Site "Chess.com INT"]
[Date "2022.09.13"]
[Round "4"]
[White "Gubanov, Oleg"]
[Black "Veiga, Jose Francisco RP"]
[Result "1-0"]
[WhiteElo "2258"]
[BlackElo "2389"]
[PlyCount "59"]
[EventDate "2022.09.13"]
[EventType "swiss (blitz)"]
[EventRounds "11"]
[EventCountry "USA"]
[SourceTitle "EXT 2023"]
[Source "ChessBase"]
[SourceDate "2022.10.05"]
[SourceVersion "1"]
[SourceVersionDate "2022.10.05"]
[SourceQuality "1"]

1. d4 Nf6 2. c4 e6 3. Nc3 Bb4 4. Nf3 0-0 5. Bg5 h6 6. Bh4 g5 7. Bg3 d5 8. e3 Ne4 9. Rc1 h5 10. h4 g4 11. Nd2 Nxg3 12. fxg3 c5 13. cxd5 exd5 14. Bd3 Re8 15. 0-0 Rxe3 16. Bf5 cxd4 17. Nxd5 Qxd5 18. Rxc8+ Kg7 19. Bxg4 Rxg3 20. Bf3 Qd7 21. Ne4 Rg6 22. Qc2 Rc6 23. Rxc6 Nxc6 24. Ng5 Rh8 25. Qf2 Ne5 26. Be4 Qg4 27. Qf6+ Kg8 28. Qxe5 Qxh4 29. Qe8+ Bf8 30. Qxf7# 1-0

[Event "Titled Tuesday intern op 06th Sep Early"]
[Site "Chess.com INT"]
[Date "2022.09.06"]
[Round "3"]
[White "Papp, Levente"]
[Black "Gubanov, Oleg"]
[Result "1-0"]
[WhiteElo "2384"]
[BlackElo "2258"]
[PlyCount "23"]
[EventDate "2022.09.06"]
[EventType "swiss (blitz)"]
[EventRounds "11"]
[EventCountry "USA"]
[SourceTitle "EXT 2023"]
[Source "ChessBase"]
[SourceDate "2022.10.05"]
[SourceVersion "1"]
[SourceVersionDate "2022.10.05"]
[SourceQuality "1"]

1. c4 e5 2. Nc3 Nc6 3. g3 Nf6 4. Bg2 Bb4 5. Nd5 Bc5 6. e3 0-0 7. Ne2 Re8 8. 0-0 a5 9. d4 Ba7 10. h3 d6 11. g4 Be6 12. Nxf6+ 1-0

[Event "Titled Tuesday intern op 23rd Aug Early"]
[Site "Chess.com INT"]
[Date "2022.08.23"]
[Round "3"]
[White "Gubanov, Oleg"]
[Black "Kovacevic, Radmila"]
[Result "0-1"]
[WhiteElo "2258"]
[BlackElo "2113"]
[PlyCount "50"]
[EventDate "2022.08.23"]
[EventType "swiss (blitz)"]
[EventRounds "11"]
[EventCountry "USA"]
[SourceTitle "EXT 2023"]
[Source "ChessBase"]
[SourceDate "2022.10.05"]
[SourceVersion "1"]
[SourceVersionDate "2022.10.05"]
[SourceQuality "1"]

1. e4 e5 2. Nf3 d5 3. exd5 e4 4. Qe2 Nf6 5. Nc3 Be7 6. Nxe4 0-0 7. d3 Nxd5 8. Qd1 f5 9. Nc3 Bb4 10. Bd2 Re8+ 11. Be2 Bxc3 12. bxc3 Qe7 13. c4 Nf6 14. h3 c5 15. Be3 Nc6 16. Qd2 Bd7 17. Kf1 Rad8 18. Re1 h6 19. Qc3 Nh5 20. Bc1 Bc8 21. Bb2 Nd4 22. Nxd4 cxd4 23. Qd2 Qh4 24. Bxh5 Qxh5 25. Re7 Rxe7 0-1

[Event "Titled Tuesday intern op 16th Aug Early"]
[Site "Chess.com INT"]
[Date "2022.08.16"]
[Round "4"]
[White "Gubanov, Oleg"]
[Black "Dushyant, Sharma"]
[Result "0-1"]
[WhiteElo "2258"]
[BlackElo "2406"]
[PlyCount "50"]
[EventDate "2022.08.16"]
[EventType "swiss (blitz)"]
[EventRounds "11"]
[EventCountry "USA"]
[SourceTitle "EXT 2023"]
[Source "ChessBase"]
[SourceDate "2022.10.05"]
[SourceVersion "1"]
[SourceVersionDate "2022.10.05"]
[SourceQuality "1"]

1. d4 d5 2. Nc3 e6 3. Bf4 f5 4. e3 Bd6 5. Qf3 Nf6 6. Bg5 0-0 7. 0-0-0 c5 8. Bxf6 Qxf6 9. dxc5 Be5 10. Nge2 Nd7 11. Na4 b5 12. Nac3 Nxc5 13. Nd4 Ne4 14. Nxe4 dxe4 15. Qe2 Bd7 16. g3 Rac8 17. Kb1 Rfd8 18. Qd2 Be8 19. Qb4 Bd6 20. Qb3 Bf7 21. Nxb5 Bxg3 22. Rxd8+ Rxd8 23. Bc4 Bxf2 24. Nc7 Qe5 25. Nxe6 Rb8 0-1